000
00213 a2200097 4500
001
2748
100
_a
Littlewood, J.E.
245
_a
Mathematicians miscellany
260
_a
_b
Methuen & co
_c
090
_c
2044
_d
2044
942
_a
NUST-CAE
_c
M
_c
11603
999
_c
237821
_d
237821